Clubs vainqueurs et finalistes de la Ligue Europa - Statistiques

Statistiques générales
  • Ce quiz a été pris 260 fois
  • Le résultat moyen est 52 sur 85
Statistiques - réponses
Hint Réponse % Correct
2005/2006 Séville FC
97%
2006/2007 Séville FC
97%
2013/2014 Séville FC
97%
2014/2015 Séville FC
97%
2015/2016 Séville FC
97%
2019/2020 Séville FC
97%
2022/2023 Séville FC
97%
2016/2017 Manchester United
92%
Olympique de Marseille
92%
2012/2013 Chelsea FC
91%
2018/2019 Chelsea FC
91%
2009/2010 Atlético de Madrid
89%
2011/2012 Atlético de Madrid
89%
2017/2018 Atlético de Madrid
89%
1972/1973 Liverpool FC
88%
1975/1976 Liverpool FC
88%
2000/2001 Liverpool FC
88%
1990/1991 Inter Milan
87%
1993/1994 Inter Milan
87%
1997/1998 Inter Milan
87%
Arsenal FC
84%
2002/2003 FC Porto
82%
2010/2011 FC Porto
82%
AS Rome
81%
1995/1996 Bayern Munich
81%
1971/1972 Tottenham Hotspur
81%
1983/1984 Tottenham Hotspur
81%
1987/1988 Bayer 04 Leverkusen
79%
1976/1977 Juventus Turin
79%
1989/1990 Juventus Turin
79%
1992/1993 Juventus Turin
79%
SL Benfica
79%
1991/1992 Ajax Amsterdam
78%
2023/2024 Atalanta Bergame
77%
1984/1985 Real Madrid
77%
1985/1986 Real Madrid
77%
Borussia Dortmund
75%
2021/2022 Eintracht Francfort
74%
2003/2004 Valence CF
73%
1977/1978 PSV Eindhoven
71%
Glasgow Rangers
68%
Lazio Rome
67%
1979/1980 Eintracht Francfort
66%
2004/2005 CSKA Moscou
65%
Sporting CP
65%
1973/1974 Feyenoord Rotterdam
63%
2001/2002 Feyenoord Rotterdam
63%
1999/2000 Galatasaray
63%
Celtic Glasgow
62%
ACF Fiorentina
60%
Athletic Club
59%
1988/1989 SSC Naples
59%
1994/1995 Parme FC
54%
1998/1999 Parme FC
54%
2020/2021 Villarreal CF
54%
1982/1983 RSC Anderlecht
53%
2007/2008 Zénith Saint-Petersbourg
52%
Girondins de Bordeaux
51%
Hambourg SV
50%
SC Braga
50%
Etoile Rouge de Belgrade
47%
Club Bruges KV
46%
1996/1997 Schalke 04
45%
2008/2009 Shakhtar Donetsk
45%
1974/1975 Borussia Mönchengladbach
39%
1978/1979 Borussia Mönchengladbach
39%
Werder Brême
36%
Torino FC
35%
FK Dnipro
32%
SEC Bastia
30%
VFB Stuttgart
30%
Fulham FC
28%
1981/1982 IFK Göteborg
28%
1986/1987 IFK Göteborg
28%
RCD Espanyol de Barcelone
23%
FC Cologne
21%
1980/1981 Ipswich Town
21%
AZ Alkmaar
20%
Casino Salzbourg
15%
FC Twente
14%
Middlesbrough FC
14%
Deportivo Alaves
13%
Wolverhampton Wanderers
9%
Dundee United
6%
Videoton SC
2%
Aucun quiz correspondant
Distribution des résultats
% des personnes avec chaque résultat
Percentile par nombre de réponses
Votre historique - résultats
Vous n’avez pas pris ce quiz